Statistiques concernant Pays produisant le plus d'ananas

Cliquez ici pour prendre le quiz!

Statistiques générales

  • Ce quiz a été pris 74 fois
  • Le résultat moyen est 12 sur 20

Statistiques - réponses

1000 tonnespays% Correct
2254Brésil
99%
945Mexique
90%
1576Chine
89%
1091Colombie
88%
1861Inde
85%
2123Thaïlande
82%
1796Indonésie
81%
495Pérou
76%
486Venezuela
75%
618Viêt Nam
72%
3056Costa Rica
68%
1642Nigeria
49%
2672Philippines
46%
352Cameroun
44%
727Angola
42%
435Tanzanie
40%
677Ghana
36%
384République
dominicaine
32%
360Bénin
26%
554Taïwan
19%

Distribution des résultats

Percentile par nombre de réponses

% des personnes avec chaque résultat

Votre développement - résultats

Vous n’avez pas pris ce quiz